Fiddler on the Roof Broadway Musical Songs - Statistics

General Stats
  • This quiz has been taken 78 times
  • The average score is 9 of 17
Answer Stats
Hint Answer % Correct
1 Tradition
93%
3 If I Were a Rich Man
83%
2 Matchmaker, Matchmaker
78%
9 Sunrise, Sunset
78%
7 Miracle of Miracles
69%
5 To Life
67%
17 Anatevka
64%
13 Do You Love Me?
62%
4 Sabbath Prayer
60%
8 The Dream
52%
15 Far From the Home I Love
50%
16 Chavaleh
26%
11 Now I Have Everything
24%
14 The Rumor
24%
10 The Bottle Dance
17%
6 Tevye's Monologue
14%
12 Tevye's Rebuttal
9%
No matching quizzes found
Score Distribution
Percent of People with Each Score
Percentile by Number Answered
Your Score History
You have not taken this quiz